[Event "Bamberg-Open 2019"]
[Site "Bamberg"]
[Date "2019.06.02"]
[Round "7.25"]
[White "Schreiter, Thomas"]
[Black "Kunath, Tim"]
[Result "0-1"]
[WhiteElo "1982"]
[BlackElo "2103"]
[Annotator "ChessBase"]
[PlyCount "72"]
[EventDate "2019.05.12"]
[EventType "swiss"]
[EventCountry "GER"]
[SourceTitle "playchess.com"]
[Source "ChessBase"]
[SourceQuality "1"]
[TimeControl "40/5400+30:900+30"]

1. d4 {[%emt 0:00:00]} Nf6 {[%emt 0:00:00]} 2. c4 {[%emt 0:00:00]} g6 {[%emt 0:00:59]} 3. g3 {[%emt 0:00:22]} Bg7 {[%emt 0:00:14]} 4. Bg2 {[%emt 0:00:07]} d6 {[%emt 0:00:12]} 5. Nf3 {[%emt 0:00:27]} O-O {[%emt 0:00:11]} 6. O-O {[%emt 0:00:16]} Nc6 {[%emt 0:00:58]} 7. Nc3 {[%emt 0:00:29]} a6 {[%emt 0:00:06]} 8. Re1 {[%emt 0:01:16]} Rb8 {[%emt 0:02:22]} 9. d5 {[%emt 0:03:50]} Na5 {[%emt 0:01:00]} 10. Qd3 {[%emt 0:03:35]} c5 {[%emt 0:04:03]} 11. e4 {[%emt 0:05:51]} Nd7 {[%emt 0:12:50]} 12. Rb1 {[%emt 0:08:01]} b5 {[%emt 0:09:44]} 13. cxb5 {[%emt 0:03:52]} axb5 {[%emt 0:00:39]} 14. Bf4 {[%emt 0:01:35]} b4 {[%emt 0:25:00]} 15. Ne2 {[%emt 0:01:52]} Qb6 {[%emt 0:04:57]} 16. Qe3 {[%emt 0:03:45]} Nc4 {[%emt 0:02:21]} 17. Qc1 {[%emt 0:00:16]} Nde5 {[%emt 0:01:11]} 18. Nxe5 {[%emt 0:02:01]} Nxe5 {[%emt 0:00:08]} 19. Qd2 {[%emt 0:01:41]} Qa6 {[%emt 0:10:17]} 20. Nc1 {[%emt 0:03:50]} Bd7 {[%emt 0:03:15]} 21. Bh6 {[%emt 0:01:10]} Nc4 {[%emt 0:01:52]} 22. Qf4 {[%emt 0:00:37]} Be5 {[%emt 0:00:45]} 23. Qf3 {[%emt 0:01:55]} Rfe8 {[%emt 0:01:25]} 24. Bf1 {[%emt 0:00:48]} Bb5 {[%emt 0:00:13]} 25. Bxc4 {[%emt 0:08:03]} Bxc4 {[%emt 0:00:27]} 26. Qd1 {[%emt 0:00:06]} Ra8 {[%emt 0:02:54]} 27. Qc2 {[%emt 0:04:15]} Bb5 {[%emt 0:01:22]} 28. a3 {[%emt 0:04:14]} bxa3 {[%emt 0:02:06]} 29. bxa3 {[%emt 0:00:40]} Ba4 {[%emt 0:01:09]} 30. Qa2 {[%emt 0:02:32]} Reb8 {[%emt 0:00:55]} 31. Be3 {[%emt 0:02:44]} Bd7 {[%emt 0:02:10]} 32. Re2 {[%emt 0:03:52]} Bg4 {[%emt 0:03:19]} 33. Rd2 {[%emt 0:00:58]} Bf3 {[%emt 0:00:19]} 34. Nd3 {[%emt 0:01:09]} Rxb1+ {[%emt 0:01:44]} 35. Qxb1 {[%emt 0:00:04]} Bxe4 {[%emt 0:00:32]} 36. Qb3 {[%emt 0:00:12]} c4 {[%emt 0:00:14]} 0-1

[Event "Bamberg-Open 2019"]
[Site "Bamberg"]
[Date "2019.06.02"]
[Round "7.26"]
[White "Bunk, Wolfgang"]
[Black "Dannhaeuser, Kevin"]
[Result "0-1"]
[WhiteElo "1995"]
[BlackElo "2095"]
[Annotator "NA"]
[PlyCount "134"]
[EventDate "2019.05.12"]
[EventType "swiss"]
[EventCountry "GER"]
[SourceTitle "playchess.com"]
[Source "ChessBase"]
[SourceQuality "1"]
[TimeControl "40/5400+30:900+30"]

1. d4 {[%emt 0:00:00]} g6 {[%emt 0:00:00]} 2. e4 {[%emt 0:00:00]} Bg7 {[%emt 0:00:00]} 3. c4 {[%emt 0:02:01]} c5 {[%emt 0:00:37]} 4. d5 {[%emt 0:00:32]} d6 {[%emt 0:04:27]} 5. Nc3 {[%emt 0:01:04]} a6 {[%emt 0:10:09]} 6. Bd3 {[%emt 0:15:47] A43: Schmid Benoni} (6. f4 e6 7. dxe6 fxe6 8. Nf3 Nc6 9. Be3 Nh6 10. Qd2 Nf7 11. O-O-O Qa5 12. Kb1 Bxc3 13. bxc3 Bd7 {1-0 (38) Ivanchuk,V (2726)-Malakhov,V (2686) Riadh 2017}) 6... e5 {[%emt 0:02:18]} 7. f4 {[%emt 0:05:59]} (7. h4 $16) 7... Ne7 {[%emt 0:05:37]} (7... exf4 $11 8. Bxf4 Nf6) 8. fxe5 {[%emt 0:06:28]} Bxe5 {[%emt 0:00:10]} 9. Nf3 {[%emt 0:00:41]} Bg4 $146 {[%emt 0:02:10]} ({Predecessor:} 9... Bg7 10. Bf4 Qc7 11. Qd2 h6 12. O-O Bg4 13. Bc2 Bxf3 14. Rxf3 f6 {½-½ (26) Hubel,M-Kuci,B Waldshut 2002}) 10. Qa4+ {[%emt 0:07:41]} b5 {[%emt 0:05:38]} 11. cxb5 {[%emt 0:03:05]} Bxf3 {[%emt 0:00:11]} 12. gxf3 {[%emt 0:00:13]} O-O {[%emt 0:01:55]} 13. Qc2 {[%emt 0:18:09]} ({Much worse is} 13. bxa6 $6 Nxa6 14. Bxa6 Qb6 $11) 13... axb5 {[%emt 0:01:15]} 14. Bxb5 {[%emt 0:05:04]} Na6 {[%emt 0:06:08]} 15. Bxa6 {[%emt 0:00:28]} Rxa6 {[%emt 0:00:06]} 16. O-O {[%emt 0:06:45]} Qd7 {[%emt 0:05:53]} 17. a4 {[%emt 0:09:58]} Qh3 {[%emt 0:18:25]} 18. Be3 {[%emt 0:06:35]} Rb8 {[%emt 0:05:33]} 19. Nb5 {[%emt 0:04:19]} Rxa4 {[%emt 0:03:34]} 20. Rxa4 {[%emt 0:00:34]} Rxb5 {[%emt 0:00:04]} 21. Ra2 {[%emt 0:01:25]} Rb3 {[%emt 0:00:15]} 22. Re1 {[%emt 0:02:34]} Qh4 {[%emt 0:11:20]} 23. Qxb3 {[%emt 0:01:21]} Qxe1+ {[%emt 0:00:08]} 24. Kg2 {[%emt 0:00:11]} Qe2+ {[%emt 0:01:00]} 25. Kg1 {[%emt 0:00:53]} Bxh2+ {[%emt 0:00:59]} 26. Kh1 {[%emt 0:00:01]} Bg3 {[%emt 0:01:18]} 27. Bg1 {[%emt 0:00:11]} Qf1 {[%emt 0:01:25]} 28. Qc2 {[%emt 0:00:33]} Qxf3+ {[%emt 0:04:53]} 29. Qg2 {[%emt 0:00:01]} Qh5+ {[%emt 0:00:44]} 30. Bh2 {[%emt 0:00:02]} Be5 {[%emt 0:00:42]} 31. Ra3 {[%emt 0:02:13]} Qh4 {[%emt 0:03:12]} 32. Rh3 {[%emt 0:00:37]} Qe1+ {[%emt 0:00:06]} 33. Bg1 {[%emt 0:00:07]} Bd4 {[%emt 0:00:13]} 34. Kh2 {[%emt 0:00:52]} Bxg1+ {[%emt 0:00:47]} 35. Qxg1 {[%emt 0:00:02]} Qxe4 {[%emt 0:00:11]} 36. Qe3 {[%emt 0:00:59]} Qc2+ {[%emt 0:01:32]} 37. Kg1 {[%emt 0:00:30]} Qb1+ {[%emt 0:00:11]} 38. Kg2 {[%emt 0:00:28]} Qxb2+ {[%emt 0:00:06]} 39. Kh1 {[%emt 0:00:09]} Qb1+ {[%emt 0:01:53]} 40. Kh2 {[%emt 0:00:19]} Qc2+ {[%emt 0:00:05]} 41. Kg1 {[%emt 0:01:30]} Qd1+ {[%emt 0:04:16]} 42. Kh2 {[%emt 0:00:10]} Nf5 {[%emt 0:00:31]} 43. Qe4 {[%emt 0:02:42]} Qd4 {[%emt 0:00:40]} 44. Qf3 {[%emt 0:08:30]} c4 {[%emt 0:03:35]} 45. Qa3 {[%emt 0:02:11]} Qe5+ {[%emt 0:01:13]} 46. Kg1 {[%emt 0:00:27]} Qxd5 {[%emt 0:00:35]} 47. Qc1 {[%emt 0:01:01]} Qd4+ {[%emt 0:00:31]} 48. Kh1 {[%emt 0:00:23]} d5 {[%emt 0:00:15]} 49. Ra3 {[%emt 0:00:13]} Qf2 {[%emt 0:02:02]} 50. Qg5 {[%emt 0:01:40]} Qh4+ {[%emt 0:00:34]} 51. Qxh4 {[%emt 0:00:09]} Nxh4 {[%emt 0:00:06]} 52. Ra8+ {[%emt 0:00:25]} Kg7 {[%emt 0:00:14]} 53. Rd8 {[%emt 0:00:02]} g5 {[%emt 0:01:53]} 54. Rxd5 {[%emt 0:00:02]} f5 {[%emt 0:00:15]} 55. Rd6 {[%emt 0:00:45]} c3 {[%emt 0:00:32]} 56. Rc6 {[%emt 0:00:06]} c2 {[%emt 0:00:06]} 57. Rxc2 {[%emt 0:00:16]} Kg6 {[%emt 0:00:35]} 58. Rc6+ {[%emt 0:00:46]} Kh5 {[%emt 0:00:08]} 59. Rc7 {[%emt 0:00:12]} h6 {[%emt 0:00:07]} 60. Rc6 {[%emt 0:00:13]} g4 {[%emt 0:00:29]} 61. Kh2 {[%emt 0:00:27]} Nf3+ {[%emt 0:00:50]} (61... Kg5 $142 62. Rc8 h5) 62. Kg3 {[%emt 0:00:09]} Kg5 {[%emt 0:00:09]} 63. Rc8 {[%emt 0:00:28]} f4+ {[%emt 0:00:11]} 64. Kf2 {[%emt 0:00:18]} Kh4 {[%emt 0:01:07]} 65. Rc3 {[%emt 0:02:07]} Ng5 {[%emt 0:00:41]} 66. Rc4 {[%emt 0:01:34]} g3+ {[%emt 0:00:07]} 67. Kg2 {[%emt 0:00:27]} Kg4 {[%emt 0:00:05]} 0-1